Rural resource development : An economic approach

Bibliographic Details
Main Author: Whitby, M.C
Other Authors: Willis, K.G
Format: Book
Published: London : Methen & Co Ltd , 1978
Edition:2nd ed
Subjects:

MARC

LEADER 00000cam a2200000 7i4500
001 0000004378
005 20050429.0
040 |a INS 
090 0 0 |a HD596.   |b W48 1978 
100 1 |a Whitby, M.C. 
245 1 0 |a Rural resource development :   |b An economic approach   |c M.C. Whitby and K.G. Willies 
250 |a 2nd ed 
260 |a London :   |b Methen & Co Ltd ,   |c 1978 
300 |a 303 p. :   |b ill ;   |c 22 cm. 
650 0 0 |a Economic development   |x Research 
700 1 |a Willis, K.G. 
999 |a 0000000097   |b BOOK   |c Open Shelf   |e Default branch